| 000 | 01332pam0a2200337 a 4500 | ||
|---|---|---|---|
| 001 | z9mscp b2040762 | ||
| 003 | KToSCC | ||
| 005 | 20181118175719.0 | ||
| 008 | 960325s1991 nyua j 000 0 spa d | ||
| 020 |
_a0590452487 _qpaperback |
||
| 035 | _a65743 | ||
| 040 |
_aKToSCC _beng _cKToSCC |
||
| 041 | _aspa | ||
| 082 | 1 | 4 |
_a391 _213 |
| 100 | 1 |
_aMorris, Ann. _0http://id.loc.gov/authorities/names/n86128935. |
|
| 245 | 1 | 0 |
_aSombreros, gorras y cachuchas / _c[por] Ann Morris ; fotos. de Ken Heyman ; tr. Gerard R. Koch. |
| 260 |
_aNew York : _bScholastic, _c1991. |
||
| 264 | 1 |
_aNew York : _bScholastic, _c1991. |
|
| 300 |
_a29 pages : _bcolor illustrations ; _c21 x 24 cm. |
||
| 336 |
_atext _btxt _2rdacontent. |
||
| 337 |
_aunmediated _bn _2rdamedia. |
||
| 338 |
_avolume _bnc _2rdacarrier. |
||
| 500 | _aEnglish title: Hats, hats, hats. | ||
| 520 | _aIntroduces a variety of hats, from soft and hard hats to snuggly and hooded hats. | ||
| 650 | 0 |
_aHats. _0http://id.loc.gov/authorities/subjects/sh85059282. |
|
| 650 | 0 |
_aSpanish language _vReaders. |
|
| 655 | 7 |
_aReaders (Publications) _2lcgft _0http://id.loc.gov/authorities/genreForms/gf2014026160. |
|
| 700 | 1 |
_aHeyman, Ken. _0http://id.loc.gov/authorities/names/n50034005. |
|
| 700 | 1 |
_aKoch, Gerard R. _0http://id.loc.gov/authorities/names/nr97025868. |
|
| 942 | _cBK | ||
| 999 |
_c21600 _d21600 |
||